DB
Descripción Física:
7 volums enquadernats ; il·lustracions; periodicitat: mensual, bimestral (a partir de l'any 2003) ; 30 cm.
Materias:
Barcelona (Catalunya : Província). -- Diputació
; Barcelona (Catalunya : Província). -- Diputació -- Revistes
; Revistes
Idioma:
Catalán
MARC
| LEADER | 00000nas a2200000 a 4500 | ||
|---|---|---|---|
| 001 | 13786, 13787, 13788, 15751, 15752, 16595, 16596 | ||
| 003 | Arxiu | ||
| 005 | 20260324181511.0 | ||
| 008 | 160829d19922012spcbr pxx s c | ||
| 017 | |a DL B. 1069-1992 | ||
| 022 | |a 1133-2328 | ||
| 041 | |a cat | ||
| 110 | 1 | |a Barcelona (Catalunya : Província). |b Diputació |e entitat autora |9 52408 | |
| 245 | 1 | 0 | |a DB |
| 246 | 3 | 3 | |a DB : |b revista de la Diputació de Barcelona |
| 246 | 3 | 3 | |a Diputació de Barcelona |
| 250 | |a Edició en català | ||
| 260 | |a Barcelona : |b Diputació de Barcelona, |c 1992-2012 | ||
| 300 | |a 7 volums enquadernats ; |b il·lustracions; periodicitat: mensual, bimestral (a partir de l'any 2003) ; |c 30 cm. | ||
| 310 | |a Mensual (1992-2002) ; Bimestral (2003- ) | ||
| 362 | |a Núm. 1 (febrer 1992) -Núm. 175 (setembre-octubre 2012) | ||
| 500 | |a A partir de 1997 surt una edició en castellà amb el mateix títol | ||
| 610 | 1 | 0 | |a Barcelona (Catalunya : Província). |b Diputació |9 52408 |
| 610 | 1 | 0 | |a Barcelona (Catalunya : Província). |b Diputació |v Revistes |9 54166 |
| 752 | |a Catalunya |b Barcelona (Província) |c Barcelonès |d Barcelona | ||
| 866 | |a Núm. 1 (febrer 1992) - Núm. 125 (novembre-desembre 2003) | ||
| 866 | |a 2004 (126, 127, 128, 129, 130, 131) | ||
| 866 | |a 2005 (132, 133, 134, 135, 136, 137) | ||
| 866 | |a 2006 (138, 139, 140, 141, 142, 143) | ||
| 866 | |a 2007 (144, 145, 146, 147, 148, 149) | ||
| 866 | |a 2008 (150, 151, 152, 153, 154, 155) | ||
| 866 | |a 2009 (156, 157, 158, 159, 160, 161) | ||
| 866 | |a 2010 (162, 163, 164, 165, 166) | ||
| 866 | |a 2011 (167, 168, 169, 170, 171) | ||
| 866 | |a 2012 (172, 173, 174, 175) | ||
| 901 | |a Arxiu | ||
| 942 | |n 1 |2 udc |c REV | ||
| 952 | |0 0 |1 0 |4 0 |6 REV232 |7 1 |9 55126 |a Arxiu |b Arxiu |d 2016-12-01 |h Núm. 1 (febrer 1992) - Núm. 32 (desembre 1994) |o Rev-232 |p 13786 |r 2016-12-01 00:00:00 |w 2016-12-01 |y ARXIU | ||
| 952 | |0 0 |1 0 |2 udc |4 0 |6 REV233 |7 1 |9 63516 |a Arxiu |b Arxiu |d 2022-08-23 |h Núm. 33 (gener 1995) - Núm. 65 (desembre 1997) |l 0 |o Rev-233 |p 13787 |r 2022-08-23 00:00:00 |w 2022-08-23 |y ARXIU | ||
| 952 | |0 0 |1 0 |2 udc |4 0 |7 1 |9 63517 |a Arxiu |b Arxiu |d 2022-08-23 |h Núm. 66 (gener 1998) - Núm. 87 (desembre 1999) |o Rev-234 |p 13788 |r 2022-08-23 00:00:00 |w 2022-08-23 |y ARXIU | ||
| 952 | |0 0 |1 0 |2 udc |4 0 |6 REV235 |7 1 |9 63518 |a Arxiu |b Arxiu |d 2022-08-23 |h Núm. 88 (gener 2000) - Núm. 98 (desembre 2000) |l 0 |o Rev-235 |p 15751 |r 2022-08-23 00:00:00 |w 2022-08-23 |y ARXIU | ||
| 952 | |0 0 |1 0 |2 udc |4 0 |6 REV236 |7 1 |9 63519 |a Arxiu |b Arxiu |d 2022-08-23 |h Núm. 99 (gener 2001) - Núm. 109 (desembre 2001) |l 0 |o Rev-236 |p 15752 |r 2022-08-23 00:00:00 |w 2022-08-23 |y ARXIU | ||
| 952 | |0 0 |1 0 |2 udc |4 0 |7 1 |9 63520 |a Arxiu |b Arxiu |d 2022-08-23 |h Núm. 110 (gener 2002) - Núm. 120 (desembre 2002) |o Rev-237 |p 16595 |r 2022-08-23 00:00:00 |w 2022-08-23 |y ARXIU | ||
| 952 | |0 0 |1 0 |2 udc |4 0 |6 REV238 |7 1 |9 63521 |a Arxiu |b Arxiu |d 2022-08-23 |h Núm. 121 (febrer-març 2003) - Núm. 125 (novembre-desembre 2003) |l 0 |o Rev-238 |p 26527 |r 2022-08-23 00:00:00 |w 2022-08-23 |y ARXIU | ||
| 952 | |0 0 |1 0 |4 0 |6 REV2162 |7 1 |9 66418 |a Arxiu |b Arxiu |d 2023-05-25 |h Núm. 126 (gener-febrer 2004)-Núm. 175 (setembre-octubre 2012) |l 0 |o Rev-2162 |p 27964 |r 2023-05-25 00:00:00 |w 2023-05-25 |y ARXIU | ||
| 999 | |c 58998 |d 58998 | ||
| 655 | |a Revistes |9 55823 | ||